<The> Impact of Innovation Activities on Enterprise Performance in Business Transformation
Analýza a hodnotenie vplyvu inovačných aktivít na výkon podnikania pri transformácii podnikania, poukazujúc na potrebu zavádzania inovácií z hľadiska ich vplyvu na zvýšenie finančnej výkonnosti podniku.
Salvato in:
| Autore principale: | |
|---|---|
| Natura: | Capitolo di libro |
| Lingua: | inglese |
| Soggetti: | |
| Tags: |
Nessun Tag, puoi essere il primo ad aggiungerne!!
|
MARC
| LEADER | 00000nla a2200000 4500 | ||
|---|---|---|---|
| 001 | 0243948 | ||
| 005 | 20240502083653.9 | ||
| 041 | 0 | |a eng | |
| 044 | |a RS | ||
| 245 | 1 | 0 | |a <The> Impact of Innovation Activities on Enterprise Performance in Business Transformation |c Marianna Kicová |
| 520 | |a Analýza a hodnotenie vplyvu inovačných aktivít na výkon podnikania pri transformácii podnikania, poukazujúc na potrebu zavádzania inovácií z hľadiska ich vplyvu na zvýšenie finančnej výkonnosti podniku. | ||
| 610 | 2 | 0 | |a výkonnosť podniku |
| 610 | 2 | 0 | |a výkony podnikové |
| 610 | 2 | 0 | |a výkony vnútropodnikové |
| 610 | 2 | 0 | |a transformácia podniku |
| 610 | 2 | 0 | |a inovácie technologické |
| 610 | 2 | 0 | |a inovácie sociálne |
| 610 | 2 | 0 | |a zisk podnikový |
| 100 | 1 | |a Kicová, Marianna | |